<?xml version="1.0" encoding="UTF-8"?><?xml-stylesheet type="text/xsl" href="static/style.xsl"?><OAI-PMH xmlns="http://www.openarchives.org/OAI/2.0/" xmlns:xsi="http://www.w3.org/2001/XMLSchema-instance" xsi:schemaLocation="http://www.openarchives.org/OAI/2.0/ http://www.openarchives.org/OAI/2.0/OAI-PMH.xsd"><responseDate>2026-04-13T14:22:25Z</responseDate><request verb="GetRecord" identifier="oai:www.recercat.cat:2117/422763" metadataPrefix="marc">https://recercat.cat/oai/request</request><GetRecord><record><header><identifier>oai:recercat.cat:2117/422763</identifier><datestamp>2026-01-19T02:13:05Z</datestamp><setSpec>com_2072_1033</setSpec><setSpec>col_2072_452949</setSpec></header><metadata><record xmlns="http://www.loc.gov/MARC21/slim" xmlns:dcterms="http://purl.org/dc/terms/" xmlns:xsi="http://www.w3.org/2001/XMLSchema-instance" xmlns:doc="http://www.lyncode.com/xoai" xsi:schemaLocation="http://www.loc.gov/MARC21/slim http://www.loc.gov/standards/marcxml/schema/MARC21slim.xsd">
   <leader>00925njm 22002777a 4500</leader>
   <datafield ind2=" " ind1=" " tag="042">
      <subfield code="a">dc</subfield>
   </datafield>
   <datafield ind2=" " ind1=" " tag="720">
      <subfield code="a">Godinho Lima, Ana Gabriela</subfield>
      <subfield code="e">author</subfield>
   </datafield>
   <datafield ind2=" " ind1=" " tag="720">
      <subfield code="a">Fernandes Vicente, Victória</subfield>
      <subfield code="e">author</subfield>
   </datafield>
   <datafield ind2=" " ind1=" " tag="720">
      <subfield code="a">Urban Gomes, Norma Gislene</subfield>
      <subfield code="e">author</subfield>
   </datafield>
   <datafield ind2=" " ind1=" " tag="720">
      <subfield code="a">Cardoso Rodrigues, Ana Laís</subfield>
      <subfield code="e">author</subfield>
   </datafield>
   <datafield ind2=" " ind1=" " tag="260">
      <subfield code="c">2024-12</subfield>
   </datafield>
   <datafield ind2=" " ind1=" " tag="520">
      <subfield code="a">The article, inserted in the context of the Technical Cooperation Agreement between the City Hall of Suzano and the Universidade Presbiteriana Mackenzie (São Paulo, Brazil), has as its main objective to produce subsidies in the context of the review of the Suzano Master Plan, specifically in relation to the redesign of urban areas close to municipal schools, from the perspective of feminist urbanism. The study is based on a bibliographical review and on-site visits to Jardim Quaresmeira II, a 6,985m² area located close to two municipal schools: "José Braz Neto" and "Jardim Quaresmeira". Finally, the article highlights specific criteria from the perspective of feminist urbanism, based on the research of Gomes (2023), Leão (2022) and Merli (2018), which, if taken into account in the design of these environments, would bring improvements for women and children Of region.</subfield>
   </datafield>
   <datafield ind2=" " ind1=" " tag="520">
      <subfield code="a">O artigo, inserido no contexto do Termo de Cooperação Técnica entre a Prefeitura de Suzano e a Universidade Presbiteriana Mackenzie (São Paulo, Brasil), tem como objetivo principal produzir subsídios no contexto da revisão do Plano Diretor de Suzano, especificamente em relação ao redesenho de áreas urbanas próximas a escolas municipais, sob a perspectiva do urbanismo feminista. O estudo fundamenta-se em revisão bibliográfica e visitas in loco ao Jardim Quaresmeira II, uma região de 6.985m² localizada próxima a duas escolas municipais: “José Braz Neto” e “Jardim Quaresmeira”. Por fim, o artigo destaca critérios específicos da perspectiva do urbanismo feminista, fundamentados nas pesquisas de Gomes (2023), Leão (2022) e Merli (2018), que, se levados em conta no desenho destes entornos, trariam melhorias para mulheres e crianças da região.</subfield>
   </datafield>
   <datafield ind2=" " ind1=" " tag="520">
      <subfield code="a">Peer Reviewed</subfield>
   </datafield>
   <datafield tag="653" ind2=" " ind1=" ">
      <subfield code="a">Urbanismo feminista</subfield>
   </datafield>
   <datafield tag="653" ind2=" " ind1=" ">
      <subfield code="a">Desenho da cidade</subfield>
   </datafield>
   <datafield tag="653" ind2=" " ind1=" ">
      <subfield code="a">Entorno de escolas</subfield>
   </datafield>
   <datafield tag="653" ind2=" " ind1=" ">
      <subfield code="a">Suzano sp</subfield>
   </datafield>
   <datafield tag="653" ind2=" " ind1=" ">
      <subfield code="a">Feminist urbanism</subfield>
   </datafield>
   <datafield tag="653" ind2=" " ind1=" ">
      <subfield code="a">City design</subfield>
   </datafield>
   <datafield tag="653" ind2=" " ind1=" ">
      <subfield code="a">School surroundings</subfield>
   </datafield>
   <datafield tag="653" ind2=" " ind1=" ">
      <subfield code="a">Suzano sp</subfield>
   </datafield>
   <datafield ind2="0" ind1="0" tag="245">
      <subfield code="a">Reflexões para o redesenho de áreas urbanas: o caso do município de suzano sob a perspectiva do urbanismo feminista</subfield>
   </datafield>
   <datafield ind2="0" ind1="0" tag="245">
      <subfield code="a">Reflections for the redesign of urban areas: the case of the municipality of Suzano from the perspective of feminist urbanism</subfield>
   </datafield>
</record></metadata></record></GetRecord></OAI-PMH>